| 000 | 00000nam 2200000zi 4500 |
| 001 | 9.918290 |
| 003 | CaOODSP |
| 005 | 20230425121756 |
| 006 | m o d f |
| 007 | cr |n||||||||| |
| 008 | 221213e202212##onca o f000 0 fre d |
| 020 | |a9780660467344 |
| 040 | |aCaOODSP|bfre|erda|cCaOODSP |
| 043 | |an-cn--- |
| 086 | 1 |aNR16-413/2022F-PDF |
| 245 | 00|aPlateforme pour la décarbonisation à grande échelle du secteur de la construction : |bpositionner l'industrie afin qu'elle atteigne la carboneutralité d'ici 2050. |
| 264 | 1|a[Ottawa] : |bConseil national de recherches Canada = National Research Council Canada, |cDécembre 2022. |
| 264 | 4|c©2022 |
| 300 | |a1 ressource en ligne (2 pages non numérotées) : |billustrations en couleur |
| 336 | |atexte|btxt|2rdacontent/fre |
| 337 | |ainformatique|bc|2rdamedia/fre |
| 338 | |aressource en ligne|bcr|2rdacarrier/fre |
| 500 | |aPublié aussi en anglais sous le titre : Platform to decarbonize the construction sector at scale: positioning industry to achieve net-zero emissions by 2050. |
| 650 | 6|aConstruction|xIndustrie|zCanada. |
| 650 | 6|aGaz à effet de serre|xRéduction|zCanada. |
| 710 | 2 |aConseil national de recherches Canada, |eorganisme de publication. |
| 775 | 08|tPlatform to decarbonize the construction sector at scale : |w(CaOODSP)9.918288 |
| 776 | 0#|tPlateforme pour la décarbonisation à grande échelle du secteur de la construction : |w(CaOODSP)9.918291 |
| 856 | 40|qPDF|s466 Ko|uhttps://publications.gc.ca/collections/collection_2023/cnrc-nrc/NR16-413-2022-fra.pdf |